| 000 | 02706aam a2200325 i 4500 | ||
|---|---|---|---|
| 001 | 768714001 | ||
| 003 | CO-MdFUSB | ||
| 005 | 20250127151516.0 | ||
| 007 | ta | ||
| 008 | 160824t1996 -us |||| |||| 00| 0 eng d | ||
| 020 | _a0830815651 | ||
| 040 |
_cCO-MdFUSB _bspa. _aCO-MdFUSB _dCO-MdFUSBC _erda |
||
| 041 | _aeng | ||
| 082 | 0 | 4 |
_a220.6 _223 _bB8271 |
| 100 | 1 |
_aBray, Gerald _eautor |
|
| 245 | 1 | 0 |
_aBiblical interpretation : _bpast & present _c/ Gerald Bray |
| 264 | 1 |
_aDowner's Grove, Illinois : _bInterVarsity Press, _c[1996] |
|
| 264 | 4 | _c© 1996 | |
| 300 |
_a608 páginas _c; 23 cm |
||
| 336 |
_2rdacontent _atexto _btxt |
||
| 337 |
_2rdamedia _asin mediación _bn |
||
| 338 |
_2rdacarrier _avolumen _bnc |
||
| 505 |
_gParte I: _tAntes de la critica histórica: _aLos inicios de la interpretación bíblica. -- Interpretación patrística. -- Interpretación medieval. -- El Renacimiento y la Reforma. _gParte II: _tEl método histórico-crítico. _aEl inicio del método histórico-crítico.-- El siglo XIX (1800-1918) El Antiguo Testamento desde De Wette hasta Wellhausen. -- El Nuevo Testamento de Schleiermacher a Schweitzer. -- Mediados del siglo XX (1918-75) La crítica del Antiguo Testamento según Wellhausen. -- Críticas al Nuevo Testamento según Schweitzer. _gParte III: _tLa escena contemporánea: _aTendencias académicas en interpretación. -- Tendencias sociales en la interpretación. -- tendencias evangélicas en la interpretación. |
||
| 520 | _aInterpretación bíblica: pasado y presente es un libro de texto único sobre la historia de la interpretación bíblica. Gerald Bray comienza con los conceptos básicos de la interpretación bíblica de la iglesia que han permanecido constantes a lo largo de los siglos: la revelación divina, la naturaleza del canon, la relación del texto bíblico con la vida de las iglesias cristianas y las tensiones permanentes inherentes al acto de la interpretación bíblica. interpretación. Siguen tres secciones principales. El primero examina el período desde la iglesia antigua hasta los comienzos de la interpretación histórico-crítica moderna en el Renacimiento y la Reforma. La segunda sección aborda el surgimiento de la interpretación histórico-crítica moderna desde finales del siglo XVII hasta el siglo XX. La tercera sección investiga las tendencias actuales en la interpretación bíblica que buscan ofrecer alternativas a la escuela dominante de crítica histórica. Cada sección se divide en capítulos que se centran en períodos o escuelas de interpretación. | ||
| 563 | _aRústico | ||
| 630 | 0 | 7 |
_aBiblia _xCrítica, interpretación, etc. |
| 942 | _cBK | ||
| 945 | _aJTF-925 | ||
| 999 |
_c43954 _d43954 |
||